Obchodní jednání a národní zvyklosti: Irán
Stručná ekonomická charakteristika Iránu. Štyri fázy obchodného jednania. Pracovné návyky, vzťahy medzi ľuďmi, miestne zvyky a normy. Význam času, komunikácia. Obliekanie, stolovanie. Viera. Kultúrne osobitosti, osobitosti právneho poriadku.
Saved in:
| Main Author: | |
|---|---|
| Format: | Book Chapter |
| Language: | Czech |
| Subjects: | |
| Tags: |
No Tags, Be the first to tag this record!
|
MARC
| LEADER | 00000naa$a2200000$$$4500 | ||
|---|---|---|---|
| 001 | 0005938 | ||
| 005 | 20230908091043.0 | ||
| 041 | 0 | |a cze | |
| 044 | |a CZ | ||
| 245 | 1 | 0 | |a Obchodní jednání a národní zvyklosti: Irán |c aut. Jiří Kobza |
| 520 | |a Stručná ekonomická charakteristika Iránu. Štyri fázy obchodného jednania. Pracovné návyky, vzťahy medzi ľuďmi, miestne zvyky a normy. Význam času, komunikácia. Obliekanie, stolovanie. Viera. Kultúrne osobitosti, osobitosti právneho poriadku. | ||
| 610 | 2 | 0 | |a rokovania obchodné |
| 610 | 2 | 0 | |a partneri obchodní |
| 610 | 2 | 0 | |a zvyklosti kultúrne |
| 610 | 2 | 0 | |a Irán |
| 610 | 2 | 0 | |a zvyklosti obchodné |
| 610 | 2 | 0 | |a komunikácia |
| 610 | 2 | 0 | |a poriadok právny |
| 100 | 1 | |a Kobza, Jiří | |